| 000 | 00522nam a22001817a 4500 | ||
|---|---|---|---|
| 003 | OSt | ||
| 005 | 20181206111232.0 | ||
| 008 | 180312b xxu||||| |||| 00| 0 spa d | ||
| 040 | _cPJ | ||
| 100 |
_991 _aLopez Lastra, Julio E. |
||
| 245 | 1 | 0 |
_aQue es el derecho / _cJulio E. Lopez Lastra. |
| 260 |
_aLa Plata : _bPlatense, _c1972. |
||
| 300 |
_a468 p. _c18 cm. |
||
| 490 |
_aEnsayos JurÃdicos _v20 |
||
| 650 |
_aDERECHO EN GENERAL _9209 |
||
| 650 |
_aTEORIA GENERAL DEL DERECHO _9214 |
||
| 942 |
_2udc _cLIB _h340.11 _iLOP |
||
| 999 |
_c81 _d81 |
||